| 000 | 00703nam a22002177a 4500 | ||
|---|---|---|---|
| 003 | OSt | ||
| 005 | 20260312060552.0 | ||
| 008 | 260312b |||||||| |||| 00| 0 eng d | ||
| 020 | _a981-06-9902-6. | ||
| 040 |
_aDWCL Main lib _cOC |
||
| 082 |
_211th ed. _aCirc. 658.15 G536i 2006 |
||
| 100 | _aGitman, Lawrence J. | ||
| 245 |
_aIntroduction to managerial finance _cLawrence J. Gitman |
||
| 250 | _a11th ed. | ||
| 260 |
_aSingapore : _bPearson Education South Asia Pte Ltd, _cc2006. |
||
| 300 |
_axlvi, various paging : _bill. ; _c23 cm. |
||
| 504 | _aIncludes index. | ||
| 650 | _a1. Business-Enterprises-Finance. | ||
| 650 | _a2. Corporations-Finance. | ||
| 942 |
_2ddc _cBK-CIRC _e11th ed. _kCirc. _n0 |
||
| 999 |
_c9035 _d9035 |
||